[Event "Liljevatnet BGP U14"]
[Site "Liljevatnet"]
[Date "2016.09.25"]
[Round "5"]
[White "Jeyachandran, Thirukkumaran"]
[Black "Nilsen, Jonas Bringsvor"]
[Result "1-0"]
[WhiteElo "930"]
[BlackElo "693"]
[PlyCount "31"]
[EventDate "2016.09.23"]
[EventType "swiss"]
[EventRounds "5"]
[EventCountry "NOR"]
[SourceTitle "EXT 2024"]
[Source "ChessBase"]
[SourceDate "2023.10.10"]
[SourceVersion "1"]
[SourceVersionDate "2023.10.10"]
[SourceQuality "1"]

1. e4 e6 2. d4 d5 3. Nc3 c5 4. dxc5 Bxc5 5. exd5 exd5 6. Qxd5 Nd7 7. Bb5 Bb6 8. Nf3 Ngf6 9. Qd3 0-0 10. 0-0 Bc7 11. h3 a6 12. Bc4 b5 13. Bb3 Bb7 14. Bg5 h6 15. Bxf6 Qxf6 16. Qxd7 1-0

[Event "Liljevatnet BGP U14"]
[Site "Liljevatnet"]
[Date "2016.09.23"]
[Round "1"]
[White "Nilsen, Jonas Bringsvor"]
[Black "Birnie, Scott"]
[Result "0-1"]
[WhiteElo "693"]
[BlackElo "934"]
[PlyCount "128"]
[EventDate "2016.09.23"]
[EventType "swiss"]
[EventRounds "5"]
[EventCountry "NOR"]
[SourceTitle "EXT 2024"]
[Source "ChessBase"]
[SourceDate "2023.10.10"]
[SourceVersion "1"]
[SourceVersionDate "2023.10.10"]
[SourceQuality "1"]

1. d4 d5 2. c4 Nf6 3. cxd5 Nxd5 4. e4 Nb6 5. Nc3 e6 6. Nf3 Bb4 7. Bd2 0-0 8. a3 Bxc3 9. Bxc3 Nc6 10. Bd3 Re8 11. 0-0 Re7 12. Qc2 Rd7 13. Rac1 a6 14. Rfe1 h6 15. Qe2 Na4 16. Bc2 Nxc3 17. bxc3 Qe7 18. Qd3 Qxa3 19. e5 g6 20. Ra1 Qf8 21. h4 Qg7 22. Re4 Ne7 23. Rg4 c5 24. Qe4 cxd4 25. cxd4 Rc7 26. Bd3 Bd7 27. Rb1 Bc6 28. Qe3 Nd5 29. Qd2 Rd8 30. Qa5 Rcd7 31. Qd2 Ne7 32. Be4 Bxe4 33. Rxe4 Qf8 34. Qf4 Nd5 35. Qg3 Nc3 36. Rbe1 Nxe4 37. Rxe4 a5 38. h5 Qg7 39. hxg6 fxg6 40. Rg4 Kh7 41. Rh4 Kg8 42. Rg4 Kh8 43. Rh4 h5 44. Ng5 Re7 45. Nf3 Rf8 46. Rh3 a4 47. Nh4 Kh7 48. Nf3 b5 49. Ng5+ Kh8 50. d5 exd5 51. e6 b4 52. Qe3 Kg8 53. g4 Qc3 54. Qxc3 bxc3 55. gxh5 gxh5 56. Rxc3 Rg7 57. f4 Rxf4 58. Rc8+ Rf8 59. Rc6 Rxg5+ 60. Kh2 Rg6 61. Rd6 Re8 62. Rxd5 Rgxe6 63. Kh3 Re3+ 64. Kh4 R8e4+ 0-1